| 000 | 00389cam a22001217a 4500 | ||
|---|---|---|---|
| 008 | 180718b1971 xxu||||| |||| 00| 0 eng d | ||
| 082 | _aF51x54 In7 | ||
| 245 |
_aIndian political parties: programmes, promises, and performances _cedited by Subhash C. Kashyap |
||
| 260 |
_aDelhi _bResearch _c1971 |
||
| 300 | _axvi, 356p | ||
| 650 | _aPolitical parties --India | ||
| 700 | _aKashyap, Subhash C. | ||
| 999 |
_c426274 _d426274 |
||